[Event "Subotica-ch"]
[Site "Subotica"]
[Date "2010.02.17"]
[Round "1"]
[White "Tancik, Kristijan"]
[Black "Kovac, Vlado"]
[Result "1-0"]
[WhiteElo "2248"]
[BlackElo "1993"]
[PlyCount "69"]
[EventDate "2010.02.17"]
[EventType "swiss"]
[EventRounds "9"]
[EventCountry "SRB"]
[SourceTitle "EXT 2019"]
[Source "ChessBase"]
[SourceDate "2018.10.10"]
[SourceVersion "1"]
[SourceVersionDate "2018.10.10"]
[SourceQuality "1"]

1. d4 Nf6 2. c4 g6 3. Nc3 Bg7 4. e4 d6 5. Be2 0-0 6. Bg5 h6 7. Be3 e5 8. d5 a5 9. Qd2 Kh7 10. f3 Na6 11. g4 Ne8 12. h4 f5 13. h5 f4 14. hxg6+ Kxg6 15. Bf2 Bf6 16. 0-0-0 Bd7 17. Nh3 Be7 18. Rh2 Ng7 19. Rdh1 a4 20. Bd3 a3 21. b3 c6 22. Ne2 Nc5 23. Nhxf4+ exf4 24. Bxc5 Bg5 25. e5+ Kf7 26. Bxd6 cxd5 27. cxd5 Bxg4 28. Rxh6 Bxh6 29. Rxh6 Rc8+ 30. Kb1 Rh8 31. Qxf4+ Bf5 32. Bxf5 Kg8 33. Rxh8+ Kxh8 34. Qh6+ Kg8 35. Qh7+ 1-0